In search of mind / (Record no. 127060)

MARC details
000 -LEADER
fixed length control field 00750nam a22002417a 4500
005 - DATE AND TIME OF LATEST TRANSACTION
control field 20170124110019.0
010 ## - LIBRARY OF CONGRESS CONTROL NUMBER
LC control number B-012217
020 ## - INTERNATIONAL STANDARD BOOK NUMBER
Terms of availability 100.00
035 ## - SYSTEM CONTROL NUMBER
System control number B-012217
037 ## - SOURCE OF ACQUISITION
Source of stock number/acquisition Cen Lib/Ret
040 ## - CATALOGING SOURCE
Original cataloging agency DPL
Language of cataloging EN
082 ## - DEWEY DECIMAL CLASSIFICATION NUMBER
Classification number 612.82
Item number DES
100 ## - MAIN ENTRY--PERSONAL NAME
Personal name Deshpande, V.R.
9 (RLIN) 19277
245 ## - TITLE STATEMENT
Title In search of mind /
Statement of responsibility, etc by V.R.Deshpande [and] Sulbha Ghatate
260 ## - PUBLICATION, DISTRIBUTION, ETC. (IMPRINT)
Place of publication, distribution, etc Mumbai
Name of publisher, distributor, etc Bharatiya Vidya Bhavan
Date of publication, distribution, etc 1999
270 ## - ADDRESS
Address Kulapati Munshi Marg
City Mumbai
Postal code 400 007
300 ## - PHYSICAL DESCRIPTION
Extent xiii,108p.
Dimensions 18cm(Hb)
500 ## - GENERAL NOTE
General note Includes bibliographical references and index
650 ## - SUBJECT ADDED ENTRY--TOPICAL TERM
Topical term or geographic name as entry element Mind and morals.
9 (RLIN) 19278
650 ## - SUBJECT ADDED ENTRY--TOPICAL TERM
Topical term or geographic name as entry element Individuality and personality
9 (RLIN) 87487
700 ## - ADDED ENTRY--PERSONAL NAME
Personal name Ghatate, Sulbha
9 (RLIN) 19279
942 ## - ADDED ENTRY ELEMENTS (KOHA)
Source of classification or shelving scheme Dewey Decimal Classification
Koha item type English Books
Classification part 612.82
Call number suffix DES
Holdings
Withdrawn status Lost status Damaged status Not for loan Home library Current library Date acquired Source of acquisition Cost, normal purchase price Total Checkouts Full call number Barcode Date last seen Copy number Cost, replacement price Price effective from Koha item type
Withdrawn       Central Library Central Library 27/06/2015 Cen Lib/Ret 100.00   612.82 DES B-012217 27/06/2015 1 100.00 27/06/2015 English Books

© Delhi Public Library
Hit Counter
free hit counter